000 00454nam a2200181Ia 4500
008 170918s9999 xx 000 0 und d
020 _a9781858214602
050 _bP821wh 1997
100 _aPool, Maggie
245 _aWhere the devil lost his poncho /
245 _cby Maggie Pool.
260 _aEdinburgh :
260 _bThe Pentland Press Limited,
260 _c1997
300 _a143 pages :
300 _billustrations ;
300 _c20cm.
999 _c344257
_d344257